Generation and display of building cost and performance data /

Saved in:
Bibliographic Details
Main Author: Mathe, S.B
Corporate Author: University of Strathclyde. Architecture and Building Aids Computer Unit
Format: Book
Language:English
Published: Glasgow : Architecture and Building Aids Computer Unit Strathclyde, 1982.
Series:ABACUS occasional paper ; no. 89
Subjects:
LEADER 01060nam a2200253 a 4500
001 c000102183
003 CARM
005 00000000000000.0
008 891023s1982 stka b 00010 eng d
019 1 |a 6756198  |5 LACONCORD2021 
035 |a (OCoLC)152410912  |5 LACONCORD2021 
040 |a WU  |c WU 
100 1 |a Mathe, S.B. 
245 1 0 |a Generation and display of building cost and performance data /  |c Mathe, S.B. 
260 |a Glasgow :  |b Architecture and Building Aids Computer Unit Strathclyde,  |c 1982. 
300 |a 19, [30] p. :  |b ill. ;  |c 30 cm. 
440 0 |a ABACUS occasional paper ;  |v no. 89 
504 |a Bibliography: p. 19. 
650 0 |a Building  |x Estimates  |x Data processing. 
650 0 |a Buildings  |x Evaluation  |x Data processing. 
710 2 |a University of Strathclyde.  |b Architecture and Building Aids Computer Unit. 
852 8 |b CARM  |h A2:AK04D0  |i D02753  |p 0041932  |f BK 
999 f f |i d1f23202-1608-5f20-bc2f-ac7377c12fd9  |s 746e699d-ddf1-5872-8f34-22068a565e8f 
952 f f |p Can circulate  |a CAVAL  |b CAVAL  |c CAVAL  |d CARM 1 Store  |e D02753  |f A2:AK04D0  |h Other scheme  |i book  |m 0041932